[Event "Budapest Spring Festival 2019"]
[Site "Budapest"]
[Date "2019.04.14"]
[Round "6.33"]
[White "Budai, David"]
[Black "Vetoshko, Volodymyr"]
[Result "1/2-1/2"]
[WhiteElo "2308"]
[BlackElo "2510"]
[Annotator "TA"]
[PlyCount "193"]
[EventDate "2019.04.09"]
[EventType "swiss"]
[EventCountry "HUN"]
[SourceTitle "playchess.com"]
[Source "ChessBase"]
[SourceQuality "1"]

{[%evp 19,193,18,12,12,12,12,12,13,6,20,54,59,69,5,83,74,127,72,57,70,66,0,0,-9,-16,-5,-10,-17,-20,-62,-55,-53,-62,-42,-46,-81,-76,-110,-57,-73,-62,-67,-62,-67,-44,-48,-44,-44,-41,-33,-35,-116,-109,-119,-82,-77,-54,-54,-54,-54,-54,-79,-54,-79,-79,-79,-79,-79,-79,-79,-79,-79,-79,-79,-79,-79,-79,-79,-79,-79,0,-79,-79,-79,-79,-79,-79,-79,-79,-79,-79,-79,-79,-79,-79,-79,-79,-79,-79,-79,-79,-79,-68,-68,-68,-68,-68,-68,-68,-68,-68,-68,0,0,0,-30,-30,-30,0,0,0,0,0,0,0,-59,0,-74,0,0,0,0,0,0,0,0,0,0,0,0,0,0,0,0,0,0,0,0,0,0,0,0,0,0,0,0,0,0,0,0,-8,-8,0,0,0,0,0,0,0,0,0,0,0,0,0,0]} 1. Nf3 Nf6 2. c4 b6 3. g3 Bb7 4. Bg2 g6 5. b3 Bg7 6. Bb2 O-O 7. O-O c5 8. Nc3 Na6 9. d4 cxd4 {A30: Symmetrical English: Double Fianchetto and Hedgehog} 10. Qxd4 Nc5 {LiveBook: 7 Games} 11. Qf4 $146 ({Predecessor:} 11. Rac1 Nfe4 12. Qe3 Rc8 13. Rfd1 d6 14. Ba1 Nxc3 15. Bxc3 Nd7 16. Bxg7 Kxg7 17. Ne1 Bxg2 18. Nxg2 {½-½ (35) Wallace,J (2399)-Urkedal,F (2563) Fagernes 2018}) 11... a5 {[%cal Ba7a5,Ba5a4,Ba4a3][%mdl 32]} 12. Rad1 a4 13. b4 a3 $1 14. Ba1 Na6 15. Rb1 Rc8 16. Rfc1 (16. Rfd1 $14) 16... Nc7 (16... d5 $11) 17. Qe3 $16 Nce8 (17... Rb8 $142) 18. Nb5 (18. Na4 $142) 18... Be4 19. Rb3 d5 20. c5 (20. cxd5 $14 Rxc1+ 21. Qxc1) 20... Ng4 $11 21. Qd2 {[#] Bxg7 is the strong threat.} Bxa1 22. Rxa1 bxc5 23. bxc5 Rxc5 24. Qb4 Qb6 $1 {Strongly threatening ...Rxb5!} 25. Nxa3 Qxb4 26. Rxb4 Nd6 27. h3 Ra8 28. Rb3 Rca5 (28... Bxf3 $17 29. exf3 Nf6) 29. Nb1 Nf6 30. Nc3 Kg7 31. Nd4 Bxg2 32. Kxg2 Rc8 33. a4 Rc4 34. Ndb5 Nde4 35. Rd1 (35. e3 $15) 35... Nxc3 $17 36. Nxc3 d4 37. Rb5 Ra6 (37... Ra7 {feels hotter.} 38. Nd5 Rcxa4 39. Nb4 Rd7 40. f3 e5) 38. Nd5 Nxd5 39. Rxd5 Raxa4 $15 {[%mdl 4096] Endgame KRR-KRR} 40. Rd3 f6 41. Rd7 Kf7 42. e3 dxe3 43. Rxe3 Re4 44. Rxe4 Rxe4 $17 {KR-KR} 45. h4 h5 46. Kf3 Ra4 (46... Rb4 {is interesting.} 47. Ra7 Ke6 48. Ra6+ Kf5 49. Ra5+ e5) 47. Rd8 Ke6 48. Rb8 Ra5 49. Ke4 Ra4+ 50. Kf3 $1 Kf5 51. Rb5+ e5 52. Rb6 Ra3+ 53. Kg2 Ra8 54. Kf3 Rd8 55. Ra6 Re8 56. Rb6 Re6 57. Rb5 Ra6 58. Rb4 Ra3+ 59. Kg2 Ra2 60. Kf3 {[#]} e4+ $1 {[%mdl 512]} 61. Ke3 (61. Rxe4 Rxf2+) 61... Ra3+ 62. Ke2 $1 Rf3 63. Ra4 Rb3 64. Rc4 Rb5 65. Ke3 g5 (65... Rb6 $15) 66. hxg5 $11 fxg5 67. Ra4 Rb3+ 68. Ke2 h4 69. gxh4 gxh4 70. Ra8 Kg4 71. Rg8+ Kh3 72. Kf1 (72. Re8 $11) 72... Rf3 ({Better is} 72... Rb1+ $15 73. Ke2 Rb3) 73. Kg1 (73. Re8 $11) 73... Rf4 ({Black should play} 73... Rc3 $17 {[%cal Rc3c1]} 74. Kf1 e3 75. fxe3 Rxe3) 74. Ra8 {The position is equal.} Kg4 75. Ra3 Rf3 (75... e3 {keeps more tension.} 76. fxe3 Rf3 77. Kh2 Rh3+ 78. Kg1 Rg3+) 76. Ra8 Rf5 77. Ra3 Kf4 (77... Rf6 {is more complex.} 78. Kg2 Rb6 79. Re3 Kf4 80. Ra3 Kg4) 78. Kg2 Rg5+ 79. Kh2 Rd5 80. Ra8 Rf5 81. Ra3 Rf8 82. Rb3 Kg4 83. Kg2 Rd8 84. Re3 Kf4 {And now ...Rd3 would win.} 85. Rh3 Rg8+ 86. Kf1 Kg4 87. Kg2 Kf5+ 88. Kf1 Rh8 89. Kg2 Kg4 90. Re3 h3+ 91. Kh2 Kf4 92. Rg3 Rh7 93. Re3 Rd7 {aiming for ...Rd3.} 94. Rxh3 Rd3 {( -> ...Rxh3+)} 95. Rh8 Kf3 96. Rf8+ Ke2 97. Rf4 {Precision: White = 75%, Black = 60%.} 1/2-1/2

[Event "Budapest Spring Festival 2019"]
[Site "Budapest"]
[Date "2019.04.14"]
[Round "6.34"]
[White "Livaic, Leon"]
[Black "Lyell, Mark"]
[Result "1-0"]
[WhiteElo "2474"]
[BlackElo "2298"]
[Annotator "TA"]
[PlyCount "77"]
[EventDate "2019.04.09"]
[EventType "swiss"]
[EventCountry "HUN"]
[SourceTitle "playchess.com"]
[Source "ChessBase"]
[SourceQuality "1"]

{[%evp 20,77,16,-19,28,24,30,36,34,38,78,68,77,80,80,76,68,62,144,138,145,145,157,97,105,80,103,47,60,10,18,-2,84,78,107,72,91,95,98,93,85,95,87,92,112,81,76,75,64,62,55,16,27,13,164,166,215,172,1843,1816]} 1. d4 e6 2. Nf3 f5 3. g3 Nf6 4. Bg2 d5 5. O-O Bd6 6. c4 O-O 7. Qc2 c6 8. b3 Qe7 9. Bb2 Nbd7 10. Nbd2 {A90: Dutch Defence: Miscellaneous and Modern Stonewall (with ...Bd6)} Ne4 (10... a5 11. a3 Ne4 12. Ne5 Nxe5 13. dxe5 Bc5 14. e3 Nxd2 15. Qxd2 dxc4 16. bxc4 Rd8 {½-½ (32) Kumar,N (2479)-Gorovets,A (2533) Saint Louis 2017}) 11. Ne1 {[%cal Rd2e4] LiveBook: 6 Games} b6 12. Nxe4 {White has an edge.} fxe4 $146 ({Predecessor:} 12... dxe4 13. f3 exf3 14. Nxf3 f4 15. e4 e5 16. c5 Bc7 17. cxb6 Bxb6 18. Qc4+ {1-0 (64) Slinger,A (2342)-Pietruske,S (2327) ICCF email 2007}) 13. f3 exf3 14. exf3 e5 15. cxd5 cxd5 16. Nd3 Ba6 {[#]} 17. Rfe1 $1 {[%cal Rd4e5]} Rac8 18. Qd2 {[%cal Rd4e5]} Bxd3 (18... e4 $1 $14 19. fxe4 dxe4 20. Bxe4 Qf7) 19. Qxd3 $16 Kh8 20. Re2 Qf6 21. Rae1 (21. Qb5 $142 Rcd8 22. Rae1 (22. Qxd5 Qg6 $16)) 21... exd4 22. f4 Bc5 23. Kh1 ({White should try} 23. Bxd5 $16 Rcd8 24. Bc4) 23... Qg6 $14 24. Qd2 {Threatens to win with b4.} Nf6 25. b4 {aiming for Re6.} Bd6 (25... d3 $1 $11 26. Re6 Be7) 26. Bxd4 $16 Rfe8 27. Be5 Bxe5 28. fxe5 Ne4 29. Bxe4 dxe4 30. Rxe4 Qc6 31. Kg1 Qc2 32. Qxc2 (32. Qd7 {with more complications.} a5 33. R4e2 Qc4 34. bxa5 bxa5 35. e6) 32... Rxc2 33. R1e2 Rxe2 34. Rxe2 {KR-KR} Kg8 35. Kf2 Kf7 36. Kf3 Ke6 $2 {[#]} (36... Rc8 $1 $11) 37. Rc2 $1 $18 a5 38. b5 Kxe5 $2 (38... Kd5) 39. Re2+ {Accuracy: White = 47%, Black = 40%.} 1-0

[Event "Budapest Spring Festival 2019"]
[Site "Budapest"]
[Date "2019.04.14"]
[Round "6.35"]
[White "Szieberth, Adam"]
[Black "Erenberg, Ariel"]
[Result "0-1"]
[WhiteElo "2297"]
[BlackElo "2437"]
[Annotator "TA"]
[PlyCount "92"]
[EventDate "2019.04.09"]
[EventType "swiss"]
[EventCountry "HUN"]
[SourceTitle "playchess.com"]
[Source "ChessBase"]
[SourceQuality "1"]

{[%evp 10,92,8,-5,0,-8,4,0,0,0,0,-6,-6,-9,-9,-8,0,-20,-2,-25,-16,-18,-18,-19,-8,-20,-13,-38,-19,-53,-28,-37,6,-3,-4,-15,-12,-15,-13,-14,-12,-13,-16,-18,-17,0,-5,-33,-43,-102,-93,-153,-156,-278,-250,-294,-280,-284,-253,-287,-198,-266,-261,-258,-238,-251,-242,-211,-220,-499,-491,-670,-670,-670,-670,-654,-631,-657,-720,-779,-776,-732,-728,-760,-600]} 1. Nf3 Nf6 2. c4 e6 3. b3 b6 4. Bb2 Bb7 5. e3 d5 6. Be2 Bd6 {A13: English Opening: 1...e6} (6... dxc4 7. bxc4 {½-½ (7) Aleksandrov,A (2565)-Azarov,S (2594) Minsk 2017}) 7. Nc3 O-O 8. cxd5 exd5 {The position is equal.} 9. Nb5 Be7 10. Be5 $146 ({Predecessor:} 10. O-O a6 11. Nbd4 Re8 12. Nf5 Bf8 13. Rc1 Nbd7 14. Rc2 {½-½ (29) Hauke,C (2192)-Dehlinger,A (2271) Germany 2015}) 10... Ne8 11. O-O Nd7 12. Bg3 a6 13. Nbd4 Nd6 14. Ne5 Nxe5 15. Bxe5 c5 16. Nf3 Rc8 17. Rc1 b5 18. Bd3 Bf6 19. Qc2 Ne4 20. Qb2 h6 21. Bxf6 Nxf6 22. Bf5 Rc7 23. b4 c4 24. Nd4 Qe7 25. a3 Bc8 26. Qc2 g6 27. Bxc8 Rfxc8 28. Ne2 Ng4 29. Nf4 {[#]} (29. h3 $15 Ne5 30. f4) 29... d4 $1 $36 {[%mdl 2560] Black is on the roll.} 30. h3 ({White should try} 30. g3 d3 31. Qb2) (30. exd4 Qd6) 30... d3 31. Qd1 (31. Qb2 $17 Qf6 32. Qa2) 31... Nf6 $19 32. Qf3 Qe5 33. Rb1 h5 34. g3 Qf5 {aiming for ...g5.} 35. h4 (35. Qg2 $142) 35... Ne4 36. Rbd1 Rd7 37. Qg2 c3 38. dxc3 Rxc3 39. f3 $2 (39. Kh1 {is a better defense.}) 39... Rc2 {Black is clearly winning.} 40. fxe4 Rxg2+ 41. Nxg2 Qxe4 42. Rd2 Qe5 43. Rfd1 Qxg3 44. Rxd3 Rxd3 45. Rxd3 g5 46. Rd4 f6 {Accuracy: White = 43%, Black = 75%.} 0-1

[Event "Budapest Spring Festival 2019"]
[Site "Budapest"]
[Date "2019.04.14"]
[Round "6.36"]
[White "Turzo, Attila"]
[Black "Szeberenyi, Adam"]
[Result "1-0"]
[WhiteElo "2296"]
[BlackElo "2392"]
[Annotator "NA"]
[PlyCount "39"]
[EventDate "2019.04.09"]
[EventType "swiss"]
[EventCountry "HUN"]
[SourceTitle "playchess.com"]
[Source "ChessBase"]
[SourceQuality "1"]
[TimeControl "40/5400+30:1800+30"]

1. d4 {[%emt 0:00:45]} d5 {[%emt 0:00:04]} 2. c4 {[%emt 0:00:18]} c6 {[%emt 0:04:59]} 3. Nf3 {[%emt 0:02:09]} dxc4 {[%emt 0:03:49]} 4. e3 {[%emt 0:00:28]} Be6 {[%emt 0:00:07]} 5. Qc2 {[%emt 0:10:03]} Nf6 {[%emt 0:10:20]} 6. Nbd2 {[%emt 0:05:35]} b5 {[%emt 0:00:21]} 7. b3 {[%emt 0:00:18]} cxb3 {[%emt 0:04:58]} 8. axb3 {[%emt 0:00:44]} g6 {[%emt 0:11:22]} 9. Be2 {[%emt 0:18:16]} Bg7 {[%emt 0:09:28]} 10. O-O {[%emt 0:06:03]} O-O {[%emt 0:07:19]} 11. Ba3 {[%emt 0:02:14]} a5 {[%emt 0:06:12]} 12. Ne5 {[%emt 0:02:25]} Ra6 {[%emt 0:07:12]} 13. Bf3 {[%emt 0:01:21]} Bd5 {[%emt 0:06:28]} 14. e4 {[%emt 0:02:41]} Be6 {[%emt 0:00:02]} 15. Bb2 {[%emt 0:00:12]} Nbd7 {[%emt 0:09:51]} 16. Nxc6 {[%emt 0:04:58]} Qb6 {[%emt 0:00:17]} 17. d5 {[%emt 0:03:45]} Bg4 {[%emt 0:00:14]} 18. e5 {[%emt 0:02:05]} Nxd5 {[%emt 0:02:51]} 19. Bxd5 {[%emt 0:01:25]} e6 {[%emt 0:00:28]} 20. Bd4 {[%emt 0:00:37]} 1-0

[Event "Budapest Spring Festival 2019"]
[Site "Budapest"]
[Date "2019.04.14"]
[Round "6.37"]
[White "Bronstein, Or"]
[Black "Kathmale, Sameer"]
[Result "1-0"]
[WhiteElo "2387"]
[BlackElo "2279"]
[Annotator "NA"]
[PlyCount "77"]
[EventDate "2019.04.09"]
[EventType "swiss"]
[EventCountry "HUN"]
[SourceTitle "playchess.com"]
[Source "ChessBase"]
[SourceQuality "1"]
[TimeControl "40/5400+30:1800+30"]

1. d4 {[%emt 0:00:47]} Nf6 {[%emt 0:06:55]} 2. c4 {[%emt 0:00:08]} g6 {[%emt 0:00:15]} 3. Nc3 {[%emt 0:00:04]} Bg7 {[%emt 0:00:05]} 4. e4 {[%emt 0:00:04]} d6 {[%emt 0:00:03]} 5. Be2 {[%emt 0:00:04]} O-O {[%emt 0:00:06]} 6. Be3 {[%emt 0:00:11]} Na6 {[%emt 0:00:41]} 7. Nf3 {[%emt 0:00:07]} e5 {[%emt 0:05:05]} 8. O-O {[%emt 0:00:17]} Ng4 {[%emt 0:01:24]} 9. Bg5 {[%emt 0:00:48]} Qe8 {[%emt 0:00:10]} 10. dxe5 {[%emt 0:00:30]} dxe5 {[%emt 0:10:19]} 11. h3 {[%emt 0:00:05]} Nf6 {[%emt 0:00:30]} 12. Be3 {[%emt 0:11:52]} b6 {[%emt 0:09:52]} 13. a3 {[%emt 0:02:29]} Bb7 {[%emt 0:05:23]} 14. Qc2 {[%emt 0:00:24]} Nh5 {[%emt 0:02:30]} 15. b4 {[%emt 0:05:15]} c5 {[%emt 0:06:27]} 16. Rab1 {[%emt 0:15:41]} Rc8 {[%emt 0:07:25]} 17. Nd5 {[%emt 0:10:36]} cxb4 {[%emt 0:02:11]} 18. axb4 {[%emt 0:01:06]} f5 {[%emt 0:03:39]} 19. Qa2 {[%emt 0:01:25]} fxe4 {[%emt 0:11:06]} 20. Ng5 {[%emt 0:00:38]} Nf4 {[%emt 0:01:09]} 21. Bxf4 {[%emt 0:00:33]} exf4 {[%emt 0:01:18]} 22. c5 {[%emt 0:00:08]} Kh8 {[%emt 0:02:33]} 23. Bxa6 {[%emt 0:00:35]} Bxa6 {[%emt 0:04:50]} 24. Qxa6 {[%emt 0:00:15]} h6 {[%emt 0:04:25]} 25. Qxa7 {[%emt 0:10:50]} hxg5 {[%emt 0:01:17]} 26. cxb6 {[%emt 0:00:11]} Bd4 {[%emt 0:01:39]} 27. Rbd1 {[%emt 0:03:11]} Rc4 {[%emt 0:04:50]} 28. Qa6 {[%emt 0:01:29]} Qc6 {[%emt 0:02:08]} 29. Ne7 {[%emt 0:00:16]} Qe6 30. Nxg6+ {[%emt 0:00:38]} Qxg6 {[%emt 0:00:33]} 31. Qxc4 {[%emt 0:00:08]} Bxb6 {[%emt 0:00:07]} 32. Qd5 {[%emt 0:02:32]} e3 {[%emt 0:02:41]} 33. fxe3 {[%emt 0:01:01]} g4 {[%emt 0:01:34]} 34. Qe5+ {[%emt 0:00:15]} Qg7 {[%emt 0:00:46]} 35. Qh5+ {[%emt 0:00:57]} Qh7 {[%emt 0:00:23]} 36. Qxg4 {[%emt 0:01:16]} Bxe3+ {[%emt 0:01:52]} 37. Kh1 {[%emt 0:00:07]} Rg8 {[%emt 0:00:07]} 38. Rd7 {[%emt 0:02:09]} Qh6 {[%emt 0:00:38]} 39. Qf5 {[%emt 0:00:14]} 1-0

[Event "Budapest Spring Festival 2019"]
[Site "Budapest"]
[Date "2019.04.14"]
[Round "6.38"]
[White "Hando, Vilmos"]
[Black "Havanecz, Bianka"]
[Result "0-1"]
[WhiteElo "2382"]
[BlackElo "2265"]
[Annotator "ChessBase"]
[PlyCount "120"]
[EventDate "2019.04.09"]
[EventType "swiss"]
[EventCountry "HUN"]
[SourceTitle "playchess.com"]
[Source "ChessBase"]
[SourceQuality "1"]
[TimeControl "40/5400+30:1800+30"]

1. c4 {[%emt 0:00:03]} Nf6 {[%emt 0:00:06]} 2. d4 {[%emt 0:00:12]} e6 {[%emt 0:00:07]} 3. Nf3 {[%emt 0:00:05]} d5 {[%emt 0:00:08]} 4. Nc3 {[%emt 0:00:23]} dxc4 {[%emt 0:00:07]} 5. e3 {[%emt 0:01:11]} a6 {[%emt 0:00:13]} 6. a4 {[%emt 0:00:24]} c5 {[%emt 0:00:47]} 7. Bxc4 {[%emt 0:00:07]} Nc6 {[%emt 0:00:15]} 8. O-O {[%emt 0:00:21]} Be7 {[%emt 0:00:38]} 9. Qe2 {[%emt 0:02:12]} cxd4 {[%emt 0:00:07]} 10. Rd1 {[%emt 0:01:03]} O-O {[%emt 0:00:08]} 11. exd4 {[%emt 0:00:34]} Nb4 {[%emt 0:00:06]} 12. Ne5 {[%emt 0:12:28]} b6 {[%emt 0:00:09]} 13. Bf4 {[%emt 0:17:15]} Nfd5 {[%emt 0:02:35]} 14. Bg3 {[%emt 0:05:26]} Bb7 {[%emt 0:00:37]} 15. f3 {[%emt 0:03:30]} Rc8 {[%emt 0:06:59]} 16. Be1 {[%emt 0:22:41]} Nf4 {[%emt 0:01:11]} 17. Qf1 {[%emt 0:03:09]} Nc2 {[%emt 0:01:01]} 18. Bf2 {[%emt 0:03:15]} Nxa1 {[%emt 0:02:17]} 19. Rxa1 {[%emt 0:00:02]} Bb4 {[%emt 0:05:03]} 20. Ne4 {[%emt 0:02:09]} f6 {[%emt 0:06:12]} 21. Nd3 {[%emt 0:01:22]} Rxc4 {[%emt 0:03:20]} 22. Nxf4 {[%emt 0:00:06]} Qc8 {[%emt 0:01:37]} 23. b3 {[%emt 0:04:10]} Rc2 {[%emt 0:00:30]} 24. Nd3 {[%emt 0:04:01]} Be7 {[%emt 0:02:38]} 25. a5 {[%emt 0:01:36]} f5 {[%emt 0:04:52]} 26. Ng3 {[%emt 0:00:05]} bxa5 {[%emt 0:02:22]} 27. Nc5 {[%emt 0:00:54]} Bxc5 {[%emt 0:00:32]} 28. dxc5 {[%emt 0:00:06]} Rd8 {[%emt 0:00:13]} 29. Rd1 {[%emt 0:01:28]} Rdd2 {[%emt 0:04:44]} 30. Rxd2 {[%emt 0:00:24]} Rxd2 {[%emt 0:00:02]} 31. Be3 {[%emt 0:01:42]} Rd5 {[%emt 0:00:14]} 32. Nh5 {[%emt 0:01:28]} e5 {[%emt 0:05:44]} 33. f4 {[%emt 0:01:11]} Qd7 {[%emt 0:03:35]} 34. Qc4 {[%emt 0:00:26]} Qb5 {[%emt 0:00:50]} 35. Kf2 {[%emt 0:01:49]} Qxc4 {[%emt 0:00:37]} 36. bxc4 {[%emt 0:00:01]} Rd3 {[%emt 0:00:41]} 37. fxe5 {[%emt 0:00:06]} a4 {[%emt 0:00:31]} 38. Nf4 {[%emt 0:00:13]} Rc3 {[%emt 0:00:23]} 39. Nd5 {[%emt 0:00:56]} Rxc4 {[%emt 0:00:35]} 40. Ne7+ {[%emt 0:00:00]} Kf7 {[%emt 0:00:00]} 41. Nxf5 {[%emt 0:00:24]} Rc2+ {[%emt 0:00:33]} 42. Ke1 {[%emt 0:00:11]} Bxg2 {[%emt 0:02:06]} 43. e6+ {[%emt 0:01:27]} Kf6 {[%emt 0:13:13]} 44. Kd1 {[%emt 0:08:06]} Ra2 {[%emt 0:02:44]} 45. Nd4 {[%emt 0:01:08]} h6 {[%emt 0:03:16]} 46. c6 {[%emt 0:02:05]} Bxc6 {[%emt 0:00:13]} 47. Nxc6 {[%emt 0:00:10]} Kxe6 {[%emt 0:00:24]} 48. Bf4 {[%emt 0:00:48]} g5 {[%emt 0:00:19]} 49. Bd2 {[%emt 0:00:51]} Ra3 {[%emt 0:01:04]} 50. h4 {[%emt 0:06:58]} gxh4 {[%emt 0:00:07]} 51. Bxh6 {[%emt 0:00:05]} h3 {[%emt 0:00:09]} 52. Bf4 {[%emt 0:00:27]} Ra2 {[%emt 0:04:20]} 53. Nd4+ {[%emt 0:00:19]} Kd5 {[%emt 0:00:30]} 54. Nc2 {[%emt 0:02:31]} Ke4 {[%emt 0:00:26]} 55. Bd6 {[%emt 0:00:59]} Rb2 {[%emt 0:00:46]} 56. Kc1 {[%emt 0:00:18]} Rb7 {[%emt 0:00:25]} 57. Bh2 {[%emt 0:04:04]} Rb6 {[%emt 0:02:53]} 58. Kd2 {[%emt 0:00:24]} Rb3 {[%emt 0:02:15]} 59. Na1 {[%emt 0:01:34]} Rf3 {[%emt 0:03:01]} 60. Ke2 {[%emt 0:01:57]} a3 {[%emt 0:00:51]} 0-1

[Event "Budapest Spring Festival 2019"]
[Site "Budapest"]
[Date "2019.04.14"]
[Round "6.39"]
[White "Bhambure, Shantanu"]
[Black "Popovics, Adam"]
[Result "1/2-1/2"]
[WhiteElo "2261"]
[BlackElo "2375"]
[Annotator "NA"]
[PlyCount "67"]
[EventDate "2019.04.09"]
[EventType "swiss"]
[EventCountry "HUN"]
[SourceTitle "playchess.com"]
[Source "ChessBase"]
[SourceQuality "1"]
[TimeControl "40/5400+30:1800+30"]

1. d4 {[%emt 0:00:02]} g6 {[%emt 0:00:05]} 2. c4 {[%emt 0:00:38]} Bg7 {[%emt 0:00:09]} 3. e4 {[%emt 0:00:11]} c5 {[%emt 0:00:10]} 4. d5 {[%emt 0:00:34]} d6 {[%emt 0:00:06]} 5. Nc3 {[%emt 0:00:43]} e6 {[%emt 0:00:05]} 6. h3 {[%emt 0:01:32]} Ne7 {[%emt 0:00:08]} 7. Nf3 {[%emt 0:01:02]} O-O {[%emt 0:01:00]} 8. Bd3 {[%emt 0:01:11]} exd5 {[%emt 0:01:49]} 9. exd5 {[%emt 0:01:42]} Nd7 {[%emt 0:06:12]} 10. O-O {[%emt 0:03:54]} Ne5 {[%emt 0:00:53]} 11. Nxe5 {[%emt 0:02:21]} Bxe5 {[%emt 0:00:06]} 12. Bg5 {[%emt 0:05:15]} f6 {[%emt 0:00:20]} 13. Bd2 {[%emt 0:04:00]} Bd7 {[%emt 0:03:44]} 14. f4 {[%emt 0:07:21]} Bd4+ {[%emt 0:00:05]} 15. Kh2 {[%emt 0:00:06]} f5 {[%emt 0:00:35]} 16. Ne2 {[%emt 0:05:06]} Bf6 {[%emt 0:00:49]} 17. Bc3 {[%emt 0:00:27]} a6 {[%emt 0:03:44]} 18. Bxf6 {[%emt 0:02:45]} Rxf6 {[%emt 0:00:06]} 19. Nc3 {[%emt 0:04:47]} Qf8 {[%emt 0:01:23]} 20. Re1 {[%emt 0:02:38]} Rf7 {[%emt 0:01:20]} 21. Qb3 {[%emt 0:05:56]} Ra7 {[%emt 0:04:20]} 22. Re3 {[%emt 0:07:40]} Qd8 {[%emt 0:00:15]} 23. Rae1 {[%emt 0:01:53]} Kf8 {[%emt 0:00:17]} 24. Nb1 {[%emt 0:07:40]} Ng8 {[%emt 0:01:23]} 25. Nd2 {[%emt 0:00:41]} Re7 {[%emt 0:05:51]} 26. Rxe7 {[%emt 0:00:53]} Nxe7 {[%emt 0:00:05]} 27. Nf3 {[%emt 0:05:06]} h6 {[%emt 0:01:00]} 28. Qc3 {[%emt 0:01:19]} Ng8 {[%emt 0:00:10]} 29. b4 {[%emt 0:02:20]} b6 {[%emt 0:00:15]} 30. bxc5 {[%emt 0:03:02]} bxc5 {[%emt 0:00:05]} 31. Rb1 {[%emt 0:01:36]} Bc8 {[%emt 0:02:59]} 32. Rb8 {[%emt 0:06:26]} Qc7 {[%emt 0:00:22]} 33. Qb2 {[%emt 0:02:55]} Rb7 {[%emt 0:00:19]} 34. Rxb7 {[%emt 0:00:29]} 1/2-1/2

[Event "Budapest Spring Festival 2019"]
[Site "Budapest"]
[Date "2019.04.14"]
[Round "6.40"]
[White "Abhilash, Reddy M.L."]
[Black "Parkhov, Yair"]
[Result "1/2-1/2"]
[WhiteElo "2252"]
[BlackElo "2352"]
[Annotator "NA"]
[PlyCount "30"]
[EventDate "2019.04.09"]
[EventType "swiss"]
[EventCountry "HUN"]
[SourceTitle "playchess.com"]
[Source "ChessBase"]
[SourceQuality "1"]
[TimeControl "40/5400+30:1800+30"]

1. d4 {[%emt 0:00:02]} d5 {[%emt 0:01:32]} 2. Nf3 {[%emt 0:00:15]} Nf6 {[%emt 0:00:25]} 3. e3 {[%emt 0:00:24]} c5 {[%emt 0:00:50]} 4. c4 {[%emt 0:00:19]} cxd4 {[%emt 0:01:35]} 5. exd4 {[%emt 0:00:15]} g6 {[%emt 0:00:09]} 6. Nc3 {[%emt 0:00:20]} Bg7 {[%emt 0:00:14]} 7. Be2 {[%emt 0:04:18]} O-O {[%emt 0:00:15]} 8. h3 {[%emt 0:00:38]} dxc4 {[%emt 0:06:45]} 9. Bxc4 {[%emt 0:00:21]} a6 {[%emt 0:00:14]} 10. a4 {[%emt 0:01:51]} Nc6 {[%emt 0:18:17]} 11. O-O {[%emt 0:00:47]} e6 {[%emt 0:08:22]} 12. Bg5 {[%emt 0:09:14]} h6 {[%emt 0:07:26]} 13. Bf4 {[%emt 0:03:31]} Nd5 {[%emt 0:04:29]} 14. Bxd5 {[%emt 0:03:30]} exd5 {[%emt 0:00:06]} 15. Qb3 {[%emt 0:00:25]} g5 1/2-1/2

[Event "Budapest Spring Festival 2019"]
[Site "Budapest"]
[Date "2019.04.15"]
[Round "7.1"]
[White "Mikhalevski, Victor"]
[Black "Onischuk, Vladimir"]
[Result "1/2-1/2"]
[WhiteElo "2580"]
[BlackElo "2627"]
[Annotator "TA"]
[PlyCount "33"]
[EventDate "2019.04.09"]
[EventType "swiss"]
[EventCountry "HUN"]
[SourceTitle "playchess.com"]
[Source "ChessBase"]
[SourceQuality "1"]

{[%evp 17,25,39,34,27,41,40,40,39,37,38]} 1. d4 d6 2. Nf3 g6 3. g3 Bg7 4. Bg2 Nf6 5. O-O O-O 6. b3 c6 7. Bb2 Nbd7 8. Nbd2 Qc7 9. a4 b6 {LiveBook: 4 Games. A49: 1 d4 Nf6 2 Nf3 g6 3 g3: Anti-King's Indian systems} 10. e4 Ba6 11. Re1 {White is slightly better.} e5 12. c4 Rfe8 13. Qc2 {Predecessor:} Bb7 $146 14. a5 exd4 15. Nxd4 bxa5 16. Bc3 a6 17. Bxa5 {½-½ (64) Taimanov,M (2425)-Nouro,M (2315) Stockholm 1998} 1/2-1/2

[Event "Budapest Spring Festival 2019"]
[Site "Budapest"]
[Date "2019.04.15"]
[Round "7.2"]
[White "Arjun Kalyan"]
[Black "Ter-Sahakyan, Samvel"]
[Result "1/2-1/2"]
[WhiteElo "2445"]
[BlackElo "2601"]
[Annotator "TA"]
[PlyCount "80"]
[EventDate "2019.04.09"]
[EventType "swiss"]
[EventCountry "HUN"]
[SourceTitle "playchess.com"]
[Source "ChessBase"]
[SourceQuality "1"]

{[%evp 13,80,17,18,17,29,7,7,12,15,9,13,10,9,9,20,0,11,9,14,0,0,0,0,-7,0,0,-5,-19,-9,-7,0,-6,0,-19,0,0,0,0,0,0,4,6,13,0,0,0,0,0,0,0,0,0,0,0,0,0,0,0,23,8,16,6,16,16,16,0,23,0,16]} 1. e4 e5 2. Nf3 Nc6 3. Bc4 Bc5 4. O-O Nf6 5. d3 d6 6. c3 a6 7. a4 h6 8. Re1 {C54: Giuoco Piano: 4 c3 Nf6, main lines with 5 d4 and 5 d3} O-O 9. Nbd2 a5 10. Nf1 Be6 11. b3 d5 12. exd5 Nxd5 13. Qc2 Bd6 14. Bd2 Re8 15. Ng3 {[#]} Nf6 $146 16. Bxe6 (16. Bb5 {is interesting.} Bg4 17. Qd1 Bd7 18. h3 Nd5 19. Ne4) 16... Rxe6 17. Re2 Qd7 18. Rae1 Rae8 19. h3 Nd5 20. Nf5 Rf6 21. Nxd6 cxd6 22. Kh2 Rfe6 23. d4 exd4 (23... Qc7 {with more complications.} 24. Qb2 Nf6 25. c4 e4 26. d5 exf3 27. Rxe6 fxe6 28. dxc6 d5+) 24. Rxe6 Rxe6 25. Rxe6 Qxe6 26. Nxd4 Nxd4 27. cxd4 b6 28. Kg1 g5 29. Kf1 Kg7 30. Qd3 f6 31. g4 Ne7 32. Qe2 Kf7 33. Qd3 Qd5 34. Ke2 Ke6 35. Qc4 Nc6 36. Be3 Ne7 37. Kd3 Nc6 38. Kc3 Ne7 39. Kd3 Nc6 {[#] Strongly threatening ...Ne5+.} 40. Kc3 Ne7 {Accuracy: White = 59%, Black = 64%.} 1/2-1/2